01269nab a22002297a 4500999001500000003000400015005001700019008004100036040000700077100002500084245008900109260007300198300001500271500007100286505033100357505008900688650003500777650003200812650004400844773013800888942001301026 c5652d5652OSt20251226213437.0190603e xxum|||| |||| 00| 0 spa d cPJ 96616aLucero, Laura 10aAdicción algorítmica. Principio de prevención y precaución /cLaura Lucero.  cCiudad Autónoma de Buenos Aires :aThomson Reuters La Ley, b2025. ap. 199-207 aCita: TR LALEY AR/DOC/1048/2025 Publicado en: RCCyC 2025 (junio). aSumario: I. Introducción.— II. La adicción a las nuevas tecnologías y sus factores de riesgo.— III. Función preventiva de la responsabilidad civil. Fundamentos y legitimación.— IV. Presupuestos de la acción preventiva.— V. Conclusiones. Estrategias de prevención. Aplicación del principio precautorio.  t¿Te interesa el texto completo? Solicitalo al correo: koha@justierradelfuego.gov.ar 091497aCODIGO CIVIL Y COMERCIAL 091467aRESPONSABILIDAD CIVIL 094023aNUEVAS TECNOLOGIAS DE INFORMACION0 0271393170dCiudad Autónoma de Buenos Aires : Thomson Reuters La Ley, 2015-tRevista Código Civil y Comercial. Nº 3 - Junio 2025 2udccANA